Management tactics : short cases in operational management /

Bibliographic Details
Main Author: Walsh, John Edward, 1927-
Format: Book
Language:English
Published: New York : McGraw-Hill, [1980]
Subjects:

MARC

Tag First Indicator Second Indicator Subfields
LEADER 00000pam a2200000 i 4500
001 in00000047613
005 20151007073428.0
008 790518s1980 nyua 00010 eng
010 |a  79015540  
020 |a 0070679630 :  |c $7.95 
035 |a (OCoLC)05101514 
035 |9 AAE9698AM 
040 |a DLC  |c DLC  |d TXA  |d UtOrBLW 
049 |a TXAM  |c [1191900] 
050 0 0 |a HD31  |b .W29 
082 0 |a 658 
100 1 |a Walsh, John Edward,  |d 1927- 
245 1 0 |a Management tactics :  |b short cases in operational management /  |c John E. Walsh, Jr. 
264 1 |a New York :  |b McGraw-Hill,  |c [1980] 
264 4 |c ©1980 
300 |a xi, 153 pages :  |b illustrations ;  |c 20 cm. 
336 |a text  |b txt  |2 rdacontent 
337 |a unmediated  |b n  |2 rdamedia 
338 |a volume  |b nc  |2 rdacarrier 
650 0 |a Management  |v Case studies. 
650 0 |a Industrial management  |v Case studies. 
999 |a MARS 
999 f f |s 3a869f21-7ea7-33d9-9163-8f1dc8e979f4  |i bcd318ed-4536-3395-8def-3a00c12fff1b  |t 0 
952 f f |p ric  |a Texas A&M University  |b Rellis Campus  |c Joint Library Facility  |d Remote Storage  |t 0  |e HD31 .W29  |h Library of Congress classification  |i unmediated -- volume  |m A14802622724 
998 f f |a HD31 .W29  |t 0  |l Remote Storage